000 00538nam a2200217Ia 4500
003 0100
008 130303s9999 xx 000 0 und d
040 _cARRUPELIB
050 _aB3376.W576T7313 1961
100 _aWittgenstein, Ludwig
245 _aTractatus Logico-Philosophicus
260 _aParis
260 _bGallimard
260 _C1961
300 _a364p.
300 _b 23 cm
650 _bPhilosophers, Modern--Interviews
650 _cPhilosophy, Mordern--20th century
650 _dPhilosophy
942 _2lcc
_07
999 _c61725
_d61725